| 000 | 01337nam0a2200337 4500 | ||
|---|---|---|---|
| 001 | RU\NLR\ONL2\25091 | ||
| 005 | 20260409073258.0 | ||
| 035 | _a(NLR Aleph) 010212046 | ||
| 090 |
_a13537797 _c13537797 |
||
| 100 | _a20121121d1982 u y0rusy50 ca | ||
| 101 | 0 | _aaze | |
| 102 | _aAZ | ||
| 105 | _ay ||||||||| | ||
| 200 | 1 |
_aАлгоритмик диллэр вэ програмлашдырма _eали техники мэктэблэр учун дэрс вэсаити _fТ. Эскэров, С. Кэримов |
|
| 210 |
_aБакы _cМаариф _d1982 |
||
| 215 |
_a296 с. _d22 |
||
| 541 | 1 |
_6z01790 _aАлгоритмические языки и программирование _eучеб. пособ. для вузов _zrus |
|
| 606 |
_aПрограммирование (компьют.) _92081275 _3RU\NLR\auth\661257252 |
||
| 606 | 0 |
_aЯзыки программирования _92088769 _3RU\NLR\auth\661264476 |
|
| 686 | 1 | _aЗ 973.2-018 я73 | |
| 700 | 1 |
_aЭскэров _bТ. _gТелман _4070 |
|
| 701 | 1 |
_aКэримов _bС. _gСабит _4070 |
|
| 790 | 1 |
_6z01541 _aАскеров _bТ. _gТельман _4070 |
|
| 801 | 0 |
_aRU _bNLR _c20130207 _gPSBO |
|
| 852 |
_aNLR _jАзерб./3-11275 |
||
| 852 |
_aNLR _bОНЛ |
||
| 942 | _cBOOK | ||
| 980 | _aONL_RF | ||
| 980 | _aNB | ||